Estadísticas para Prueba de Uruguay

Haz click aquí para tomar la prueba!

Estadísticas generales

  • Esta prueba ha sido tomada 855 veces
  • La puntuación promedio es 13 de 16

Estadísticas de respuestas

PistaRespuesta% Correcto
Idioma oficialEspañol
100%
CapitalMontevideo
100%
Países limítrofesArgentina
99%
Países limítrofesBrasil
99%
MonedaPeso
97%
El estuario que se forma donde ese río se encuentra con el ParanáRio de la {Plata}
94%
Objeto en la bandera{Sol} de Mayo
91%
Futbolista que es famoso por haber mordido a múltiples oponentesLuis Suárez
86%
En 2013, Uruguay fue el primer país en legalizar plenamente ...Cannabis
82%
Lema nacionalLibertad o {Muerte}
81%
Uruguay tiene 3,42 de estos animales por cada persona, la proporción más alta del mundoVacas
79%
Evento ganado por Uruguay en 1930 y 1950Copa Mundial
de la FIFA
72%
De 1860 a 1914, más de 200.000 inmigrantes llegaron de este paísItalia
72%
Danza tradicional que evolucionó en la regiónTango
72%
El río que forma la frontera oeste de UruguayRío Uruguay
59%
Uruguay se encuentra dentro de esta fértil región de pastizalesLlanura Pampeana
54%

Distribución de puntuación

Porcentaje por número respondido

Porcentaje de gente con cada puntuación

Historial de tus puntuaciones

No has tomado esta prueba